00396 a2200145 4500003000400000005001700004008004100021020001800062040000900080082001700089100002800106245008400134260001800218300001400236OSt20221003150601.0221003b ||||| |||| 00| 0 eng d a9783527316748 coclc a663.3bESS/H1 aEsslinger, Hans Michael aHandbook of brewing : processes, technology, marketsc Hans Michael Esslinger. bWiley,c2009. a746 pages